000 00633nam a2200205 4500
001 148495
003 ES-MaACL
005 20250813062719.0
007 t|
008 070214s1982 sp r ||||1| spa d
100 1 _aStrindberg, August.
_9108433
245 1 0 _aTeatro escogido /
_cAugust Strindberg ; prólogo [y traducción] de Francisco J. Uriz.
260 _aMadrid :
_bAlianza,
_c[1982] (
_fClosas-Orcoyen)
300 _a352 p. ;
_c20 cm.
490 1 _aAlianza Tres ;
_v104
700 1 _aUriz, Francisco J.
_9112181
830 0 0 _aAlianza tres
_v104
_9177344
852 _aES-MaACL
_jL-4556
_bR.105158
999 _c148495
_d148495